[Event "Mislata op 50th"]
[Site "Mislata"]
[Date "2016.08.11"]
[Round "6"]
[White "Balada Moreno, Jose Luis"]
[Black "Echeverria, Nestor"]
[Result "1-0"]
[WhiteElo "2029"]
[BlackElo "2092"]
[PlyCount "57"]
[EventDate "2016.08.08"]
[EventType "swiss"]
[EventRounds "9"]
[EventCountry "ESP"]
[SourceTitle "EXT 2017"]
[Source "ChessBase"]
[SourceDate "2016.10.25"]
[SourceVersion "1"]
[SourceVersionDate "2016.10.25"]
[SourceQuality "1"]

1. e4 d5 2. exd5 Nf6 3. d4 Nxd5 4. c4 Nb6 5. c5 Nd5 6. Nc3 Be6 7. Nf3 g6 8. Ng5 Bf5 9. Qb3 c6 10. Qxb7 Nd7 11. Qxc6 Nb4 12. Bc4 e6 13. Qa4 Nc2+ 14. Kf1 Nxa1 15. Bb5 a6 16. c6 axb5 17. cxd7+ Ke7 18. Qb4+ Kf6 19. Qxb5 Ra5 20. Nge4+ Kg7 21. Bg5 Rxb5 22. Bxd8 Rb8 23. Bf6+ Kg8 24. d8Q Rxd8 25. Bxd8 Bg7 26. Nf6+ Kf8 27. d5 exd5 28. Ncxd5 Nc2 29. Be7# 1-0

[Event "Quart de Poblet Sub2300 1st"]
[Site "Quart de Poblet"]
[Date "2013.07.20"]
[Round "2.14"]
[White "Portillo Torrente, Manuel"]
[Black "Echeverria, Nestor"]
[Result "1/2-1/2"]
[WhiteElo "1787"]
[BlackElo "2023"]
[PlyCount "113"]
[EventDate "2013.07.20"]
[EventType "swiss"]
[EventRounds "7"]
[EventCountry "ESP"]
[SourceTitle "EXT 2024"]
[Source "ChessBase"]
[SourceDate "2023.10.10"]
[SourceVersion "1"]
[SourceVersionDate "2023.10.10"]
[SourceQuality "1"]

1. e4 c5 2. Nc3 g6 3. g3 Bg7 4. Bg2 Nc6 5. d3 d6 6. Nge2 Nf6 7. 0-0 0-0 8. h3 Rb8 9. Be3 b5 10. Qd2 b4 11. Nd1 Qc7 12. Bh6 Nd4 13. Bxg7 Kxg7 14. f4 e5 15. f5 Bb7 16. g4 d5 17. Ng3 dxe4 18. Nxe4 Nxe4 19. Bxe4 Bxe4 20. dxe4 Rbd8 21. Qf2 Qc6 22. c3 Nb5 23. f6+ Kh8 24. Qe3 Rd6 25. g5 Rfd8 26. Nf2 bxc3 27. bxc3 R6d7 28. Qg3 Qe6 29. Ng4 Rd3 30. Qxe5 Rxc3 31. Qxe6 fxe6 32. Ne5 Kg8 33. Kg2 Nd6 34. Rae1 Nf7 35. Nxf7 Kxf7 36. Rd1 Rd4 37. Rxd4 cxd4 38. Rb1 d3 39. Kf2 e5 40. Ke3 Ra3 41. Rb7+ Kg8 42. Rb2 a5 43. Rb8+ Kf7 44. Rb7+ Ke6 45. Re7+ Kd6 46. Rxh7 Rxa2 47. Kxd3 Rg2 48. Ra7 Rg3+ 49. Ke2 Rxh3 50. Rxa5 Ke6 51. Ra7 Rh4 52. Kf3 Rf4+ 53. Ke3 Rg4 54. Ra6+ Kf7 55. Ra7+ Kf8 56. Ra8+ Kf7 57. Ra7+ 1/2-1/2

[Event "Mislata op-B 20th"]
[Site "Mislata"]
[Date "2012.08.14"]
[Round "3"]
[White "Soria Martinez, Sergio"]
[Black "Echeverria, Nestor"]
[Result "0-1"]
[WhiteElo "1698"]
[BlackElo "2014"]
[PlyCount "53"]
[EventDate "2012.08.13"]
[EventType "swiss"]
[EventRounds "9"]
[EventCountry "ESP"]
[SourceTitle "EXT 2013"]
[Source "ChessBase"]
[SourceDate "2012.11.22"]
[SourceVersion "1"]
[SourceVersionDate "2012.11.22"]
[SourceQuality "1"]

1. d4 Nf6 2. c4 c5 3. e3 g6 4. Nc3 Bg7 5. Nf3 0-0 6. Be2 cxd4 7. exd4 d5 8. c5 Nc6 9. 0-0 Bg4 10. h3 Bxf3 11. Bxf3 e6 12. Be3 Nd7 13. b4 Nxb4 14. Qb3 Nc6 15. Qxb7 Nxd4 16. Bxd4 Bxd4 17. Qb4 Qf6 18. Rac1 Bxc5 19. Qb7 Rfd8 20. Bxd5 exd5 21. Nxd5 Qh4 22. Rxc5 Nxc5 23. Qc6 Ne6 24. g3 Qd4 25. Ne3 Rac8 26. Qg2 Rc3 27. Re1 0-1

[Event "Mislata op-B"]
[Site "Mislata"]
[Date "2010.08.21"]
[Round "8"]
[White "Echeverria, Nestor"]
[Black "Miquel Badenes, Indalecio"]
[Result "1-0"]
[WhiteElo "2055"]
[BlackElo "1922"]
[PlyCount "75"]
[EventDate "2010.08.16"]
[EventType "swiss"]
[EventRounds "9"]
[EventCountry "ESP"]
[SourceTitle "EXT 2012"]
[Source "ChessBase"]
[SourceDate "2011.11.24"]
[SourceVersion "1"]
[SourceVersionDate "2011.11.24"]
[SourceQuality "1"]

1. d4 d5 2. Nf3 Nf6 3. Bf4 e6 4. Nbd2 Bd6 5. e3 0-0 6. Bd3 c5 7. c3 Nc6 8. dxc5 Bxc5 9. 0-0 Re8 10. e4 e5 11. Bg3 d4 12. cxd4 Bxd4 13. Bc4 Bg4 14. Re1 Qe7 15. Qa4 a6 16. Bd5 b5 17. Qc2 Nb4 18. Qb3 Nbxd5 19. exd5 Qc5 20. Nxe5 Bxe5 21. Rxe5 Rxe5 22. Bxe5 Qxd5 23. Bxf6 Qxd2 24. Bxg7 Kxg7 25. Qg3 Qxb2 26. Qxg4+ Kh8 27. Rd1 Qxa2 28. Qd4+ Kg8 29. h4 Qe6 30. Rd3 Rc8 31. Rg3+ Kf8 32. Qg7+ Ke7 33. Re3 Rc6 34. Rxe6+ Rxe6 35. Qxh7 b4 36. Qc2 Re5 37. Qc7+ Kf6 38. Qd6+ 1-0